| 000 | 00767nam a22002177a 4500 | ||
|---|---|---|---|
| 005 | 20100730145048.0 | ||
| 010 | _aENG-97394 | ||
| 020 |
_a9788184840391 _c1550.00 |
||
| 035 | _aEN-80927 | ||
| 037 | _bDBAD/PUB | ||
| 082 | _a658.812 | ||
| 100 |
_aP P Singh _92703 |
||
| 245 |
_aCustomer relationship management (CRM) _cby P P Singh [and] N Jinender Kumar |
||
| 260 |
_aNew Delhi _bregal Publications _c2009 |
||
| 270 |
_aF-159, Rajouri Garden _bNew Delhi _e110027 |
||
| 300 |
_ax,349p _c23cm (Hb) |
||
| 500 | _aincludes index | ||
| 700 |
_aN Jinender Kumar _92704 |
||
| 942 |
_2ddc _cEN _h658.812 _mPPS |
||
| 999 |
_c38279 _d38279 |
||